Normal view MARC view
  • Federación europea

Entry Materia

Number of records used in: 6

001 - NÚMERO DE CONTROL DEL REGISTRO

  • campo de control: 175

003 - IDENTIFICADOR DE NUMERO DE CONTROL

  • campo de control: UPN

005 - FECHA Y HORA DE LA ÚLTIMA TRANSACCIÓN

  • campo de control: 20230915113101.0

008 - DATOS DE LONGITUD FIJA

  • campo de control de longitud fija: 230915n||acnnnbabn | ana |d

035 ## - NÚMERO DE CONTROL DEL SISTEMA

  • Número de control del sistema: UPN10000000175

040 ## - FUENTE DE LA CATALOGACIÓN

  • Centro catalogador de origen: MX-MxUPN
  • Lengua de catalogación: spa
  • Agencia de transcripción: MX-MxUPN

150 ## - ENCABEZAMIENTO - TEMÁTICO

  • Término de materia o nombre geográfico como elemento inicial: Federación europea

670 ## - FUENTE EN LA QUE SE LOCALIZARON DATOS

  • Cita de la fuente: LC
  • Información localizada: European federation

680 ## - NOTA GENERAL CON DESPLIEGUE PÚBLICO

  • Texto explicativo: Aquí se asientan los trabajos sobre la unidad política entre los países europeos. Para trabajos que tratan sobre la cooperación en diferentes campos de actividad se asientan bajo
  • Encabezamiento: COOPERACION EUROPEA

681 ## - NOTA DE ENVÍO A EJEMPLOS DE ENCABEZAMIENTO TEMÁTICO

  • Texto explicativo: Nota bajo
  • Encabezamiento: COOPERACION EUROPEA

902 ## - CATALOGADOR

  • Catalogador: BDV/260503